Relaciones sobre el estado de las diocesis valencianas

Sparad:
Bibliografiska uppgifter
Huvudupphovsman: Carcel Orti, Maria Milagros (Författare, medförfattare)
Materialtyp: Bok
Språk:spanska
Publicerad: Valencia Generalitat Valenciana 1989
Serie:Colleccio fonaments, 2
Ämnen:
Taggar: Lägg till en tagg
Inga taggar, Lägg till första taggen!

MARC

LEADER 00000nam a2200000 a 4500
001 UCX8640
003 CL-VaPUC
008 940415e19890000SP |||||||||||||||||spa|d
082 0 4 |a 274.6  |b CAR  |2 21 
100 0 |a Carcel Orti, Maria Milagros  |e author  |9 325820 
245 1 0 |a Relaciones sobre el estado de las diocesis valencianas 
300 |a 3 v 
942 |c BK 
945 |d 19940415 00:00:00  |a aalvarez 
260 |a Valencia  |b Generalitat Valenciana  |c 1989 
650 7 |a HISTORIA ECLESIASTICA  |2 CL-VaPUC  |9 325821 
651 0 |a España  |9 254926 
583 |a last modification  |c 19940415 00:00:00  |k Rodrigo Vera 
490 0 |a Colleccio fonaments, 2 
999 |c 228081  |d 228079 
952 |0 0  |1 0  |4 0  |6 274_600000000000000_CAR_1989  |7 0  |8 DER_HDC  |9 227684  |a BIBDER  |b BIBDER  |d 2019-11-15  |h v.1  |i 2969815  |l 1  |o 274.6 CAR 1989  |p 2969815  |r 2023-01-25  |s 2020-03-19  |w 2019-11-15  |x Ubicación 4to Piso  |y BK  |z Estos recursos deben solicitarse con anticipación  |k DER 
952 |0 0  |1 0  |4 0  |6 274_600000000000000_CAR_1989  |7 0  |8 DER_HDC  |9 227685  |a BIBDER  |b BIBDER  |d 2019-11-15  |h v.2  |i 2969823  |l 1  |o 274.6 CAR 1989  |p 2969823  |r 2023-01-25  |s 2020-03-19  |w 2019-11-15  |x Ubicación 4to Piso  |y BK  |z Estos recursos deben solicitarse con anticipación  |k DER 
952 |0 0  |1 0  |4 0  |6 274_600000000000000_CAR_1989  |7 0  |8 DER_HDC  |9 227686  |a BIBDER  |b BIBDER  |d 2019-11-15  |h v.3  |i 2969831  |l 1  |o 274.6 CAR 1989  |p 2969831  |r 2023-01-25  |s 2020-03-19  |w 2019-11-15  |x Ubicación 4to Piso  |y BK  |z Estos recursos deben solicitarse con anticipación  |k DER